000 01698nam a2200457 i 4500
001 8030
003 KOSZ 005
005 20200507113233.0
008 200507s1969 pl a f 000 0 pol
015 _aUWD 1969/4571
035 _a991036895909705066
035 _a(PL-WaBN)b19902591-48omnis_nlop
035 _ab19902591
035 _a(OCoLC)827717024
035 _a(PL)b0000001990259
035 _a(EXLNZ-48OMNIS_NETWORK)9910273439705606
040 _aWA N
_cWA N
_dKOSZ 005/RW
046 _k1969
080 _a621.35
100 1 _aSękowski, Stefan
_d(1925-2014)
_eAutor
245 1 0 _aGalwanotechnika domowa /
_cStefan Sękowski ; ilustracje Stanisław Kozaczyński.
250 _aWydanie 2 poprawione i rozszerzone.
260 _aWarszawa :
_bWydawnictwa Naukowo-Techniczne,
_c1969.
300 _a153, [3] strony :
_bilustracje ;
_c21 cm.
336 _aTekst
_btxt
_2rdacontent
337 _aBez urządzenia pośredniczącego
_bn
_2rdamedia
338 _aWolumin
_bnc
_2rdacarrier
380 _aKsiążki
380 _aPublikacje popularnonaukowe
388 _a1901-2000
388 _a1945-1989
521 8 _aKsiążka przeznaczona jest dla indywidualnych uczniów szkół średnich, dla amatorów-galwanotechników oraz dla szkolnych kółek zainteresowań.
650 7 _aGalwanotechnika
_2DBN
655 7 _aWydawnictwa popularne
_2DBN
658 _aInżynieria i technika
700 1 _aKozaczyński, Stanisław
_eIlustracje
710 2 _aWydawnictwa Naukowo-Techniczne
_4pbl
856 _uhttp://koha.tu.koszalin.pl/cgi-bin/koha/opac-detail.pl?biblionumber=8032
_yKatalog online BPK
942 _2UKD
_cKS
999 _c8032
_d8032